Tribhuvan University Central Library

The age of surveillance capotalism: (Record no. 106396)

MARC details
000 -LEADER
fixed length control field 00531nam a22001817a 4500
008 - FIXED-LENGTH DATA ELEMENTS--GENERAL INFORMATION
fixed length control field 230104b |||||||| |||| 00| 0 eng d
020 ## - INTERNATIONAL STANDARD BOOK NUMBER
International Standard Book Number 9781781256855
082 ## - DEWEY DECIMAL CLASSIFICATION NUMBER
Classification number 330.122/Z81a
100 ## - MAIN ENTRY--PERSONAL NAME
Personal name Zuboff, Shoshana
245 ## - TITLE STATEMENT
Title The age of surveillance capotalism:
Remainder of title the fight for a human future at the new frontier of power.
260 ## - PUBLICATION, DISTRIBUTION, ETC.
Place of publication, distribution, etc. London:
Name of publisher, distributor, etc. Profile Books,
Date of publication, distribution, etc. 2019.
300 ## - PHYSICAL DESCRIPTION
Extent viii, 691p.
504 ## - BIBLIOGRAPHY, ETC. NOTE
Bibliography, etc. note Includes bibliography.
650 ## - SUBJECT ADDED ENTRY--TOPICAL TERM
Topical term or geographic name entry element Capitalism
650 ## - SUBJECT ADDED ENTRY--TOPICAL TERM
Topical term or geographic name entry element Economics
650 ## - SUBJECT ADDED ENTRY--TOPICAL TERM
Topical term or geographic name entry element Survivle
942 ## - ADDED ENTRY ELEMENTS (KOHA)
Source of classification or shelving scheme Dewey Decimal Classification
Koha item type General Collections
Holdings
Withdrawn status Lost status Source of classification or shelving scheme Damaged status Not for loan Home library Current library Shelving location Date acquired Total Checkouts Full call number Barcode Date last seen Price effective from Koha item type Total Renewals Date last checked out
    Dewey Decimal Classification     Tribhuvan University Central Library Tribhuvan University Central Library New Building 01/04/2023   330.122/Z81a 166487 01/04/2023 01/04/2023 General Collections    
    Dewey Decimal Classification     Tribhuvan University Central Library Tribhuvan University Central Library New Building 01/04/2023 1 330.122/Z81a 166488 11/20/2023 01/04/2023 General Collections 2 08/15/2023